Statistics for Clubs Who Have Conceded The Least Amount Of PL Goals

Click here to take the quiz!

General Stats

  • This quiz has been taken 12 times
  • The average score is 7 of 15

Answer Stats

GoalsAnswer% Correct
4Brighton
82%
0Huddersfield
82%
137Bournemouth
73%
182Reading
64%
78Blackpool
55%
100Swindon
55%
257Watford
55%
74Cardiff
45%
142Oldham
45%
281Wolves
45%
82Barnsley
36%
193Burnley
36%
287NottinghamForest
36%
138Bradford
27%
168Sheffield Utd
9%

Score Distribution

Percentile by Number Answered

Percent of People with Each Score

Your Score History

You have not taken this quiz